[Event "Mataro Vinas Memorial 14th"]
[Site "Mataro"]
[Date "2018.06.09"]
[Round "9"]
[White "Soler Casado, Manuel"]
[Black "Gomez Jorge, Felix"]
[Result "0-1"]
[WhiteElo "1833"]
[BlackElo "1599"]
[PlyCount "66"]
[EventDate "2018.04.07"]
[EventType "swiss"]
[EventRounds "9"]
[EventCountry "ESP"]
[SourceTitle "EXT 2019"]
[Source "ChessBase"]
[SourceDate "2018.10.10"]
[SourceVersion "1"]
[SourceVersionDate "2018.10.10"]
[SourceQuality "1"]

1. e4 c5 2. Nf3 e6 3. d4 cxd4 4. Nxd4 a6 5. Nc3 Qc7 6. Be2 Nc6 7. Be3 Bb4 8. 0-0 Bxc3 9. bxc3 Nge7 10. f4 d5 11. e5 Na5 12. Qd3 Nc4 13. Bd2 Bd7 14. Bf3 Rc8 15. Ne2 Nf5 16. g4 Nb2 17. gxf5 Nxd3 18. cxd3 exf5 19. Nd4 Be6 20. Rfb1 0-0 21. Rb3 Rb8 22. Rab1 b5 23. Bc1 Rfc8 24. Ba3 Qd7 25. Bd6 Rb6 26. a4 Rxd6 27. exd6 Qxd6 28. axb5 axb5 29. Ne2 d4 30. Rxb5 dxc3 31. Rb7 Qxd3 32. Kg2 c2 33. Rc1 Bd5 0-1

[Event "Mataro Vinas Memorial 14th"]
[Site "Mataro"]
[Date "2018.04.07"]
[Round "1"]
[White "Rodriguez Quiroga, Jorge"]
[Black "Soler Casado, Manuel"]
[Result "0-1"]
[WhiteElo "1394"]
[BlackElo "1833"]
[PlyCount "46"]
[EventDate "2018.04.07"]
[EventType "swiss"]
[EventRounds "9"]
[EventCountry "ESP"]
[SourceTitle "EXT 2019"]
[Source "ChessBase"]
[SourceDate "2018.10.10"]
[SourceVersion "1"]
[SourceVersionDate "2018.10.10"]
[SourceQuality "1"]

1. Nf3 c5 2. e3 d5 3. d4 Nf6 4. dxc5 Qa5+ 5. c3 Qxc5 6. b4 Qc7 7. Na3 Qxc3+ 8. Nd2 Qxa1 9. Bb5+ Bd7 10. Bxd7+ Nbxd7 11. Nb5 Rc8 12. Nb3 Qxa2 13. 0-0 e5 14. Bd2 a6 15. Nc3 Qb2 16. Na5 Bxb4 17. Nxb7 Bxc3 18. Nd6+ Ke7 19. Nxc8+ Rxc8 20. Bxc3 Rxc3 21. Qa4 Ra3 22. Qc6 Ra2 23. f4 Qxg2# 0-1

[Event "Maresme op 14th"]
[Site "Maresme"]
[Date "2017.10.28"]
[Round "4"]
[White "Soler Casado, Manuel"]
[Black "Silva Schultze, Luis"]
[Result "1-0"]
[WhiteElo "1671"]
[BlackElo "1750"]
[PlyCount "109"]
[EventDate "2017.09.30"]
[EventType "swiss"]
[EventRounds "9"]
[EventCountry "ESP"]
[SourceTitle "CBM 181 Extra"]
[Source "ChessBase"]
[SourceDate "2017.12.12"]
[SourceVersion "1"]
[SourceVersionDate "2017.12.12"]
[SourceQuality "1"]

1. e4 e5 2. Nf3 Nc6 3. d4 exd4 4. Nxd4 d6 5. Bb5 Bd7 6. Nc3 Nxd4 7. Qxd4 Nf6 8. Bg5 Be7 9. 0-0-0 Bxb5 10. Nxb5 a6 11. Nc3 0-0 12. f3 c5 13. Qe3 Qc7 14. Nd5 Nxd5 15. Rxd5 Bxg5 16. Qxg5 f6 17. Qg3 Rad8 18. Rhd1 Qa5 19. Kb1 b5 20. Rxd6 Rxd6 21. Qxd6 c4 22. c3 h6 23. Qe7 b4 24. Rd7 Qg5 25. Qxb4 Qxg2 26. Qxc4+ Kh8 27. Qxa6 Qg1+ 28. Kc2 Qxh2+ 29. Rd2 Qf4 30. Qd6 Qxd6 31. Rxd6 h5 32. Kd2 g5 33. a4 Kg7 34. a5 h4 35. Ke2 Rb8 36. b4 Rc8 37. Rd3 Ra8 38. c4 Kg6 39. c5 Rb8 40. Rb3 f5 41. c6 g4 42. c7 Ra8 43. Rc3 Rc8 44. fxg4 fxg4 45. Rc5 g3 46. Kf3 Rf8+ 47. Kg2 Rf2+ 48. Kh3 Rh2+ 49. Kg4 g2 50. Rg5+ Kh6 51. Kf4 g1Q 52. Rxg1 Rc2 53. b5 Rxc7 54. b6 Rb7 55. Rb1 1-0

[Event "Mataro Vinas Memorial-B 13th"]
[Site "Mataro"]
[Date "2017.05.13"]
[Round "3.2"]
[White "Soler Casado, Manuel"]
[Black "Malea Collado, Francesc"]
[Result "1-0"]
[WhiteElo "1645"]
[BlackElo "1227"]
[PlyCount "87"]
[EventDate "2017.04.22"]
[EventType "swiss"]
[EventRounds "8"]
[EventCountry "ESP"]
[SourceTitle "EXT 2024"]
[Source "ChessBase"]
[SourceDate "2023.10.10"]
[SourceVersion "1"]
[SourceVersionDate "2023.10.10"]
[SourceQuality "1"]

1. e4 c5 2. Nf3 d6 3. d4 cxd4 4. Nxd4 Nf6 5. Nc3 a6 6. Be2 e5 7. Nf3 Be7 8. 0-0 0-0 9. Re1 Nc6 10. Bg5 h6 11. Bxf6 Bxf6 12. Nd5 b5 13. Nxf6+ Qxf6 14. c3 Bb7 15. Qd5 Qe7 16. Qd3 Rac8 17. Nd2 Qd7 18. b4 Rb8 19. Nb3 Kh8 20. Nc5 Qc7 21. Nxb7 Rxb7 22. Red1 Rd8 23. a4 g6 24. axb5 axb5 25. Ra6 d5 26. exd5 Nb8 27. d6 Qd7 28. Ra5 Rb6 29. Rxb5 Rxd6 30. Qxd6 Qxd6 31. Rxd6 Rxd6 32. Rxb8+ Kg7 33. f3 Rd2 34. Kf2 Kf6 35. Rb7 Ke6 36. Ke3 Rc2 37. Kd3 Rb2 38. b5 f6 39. c4 Kf5 40. c5 Kf4 41. g3+ Kf5 42. Ke3 Rb3+ 43. Kf2 Ke6 44. Bc4+ 1-0